<?xml version="1.0" encoding="UTF-8"?>
<record
    xmlns:xsi="http://www.w3.org/2001/XMLSchema-instance"
    xsi:schemaLocation="http://www.loc.gov/MARC21/slim http://www.loc.gov/standards/marcxml/schema/MARC21slim.xsd"
    xmlns="http://www.loc.gov/MARC21/slim">

  <leader>00682nam a22001937a 4500</leader>
  <datafield tag="999" ind1=" " ind2=" ">
    <subfield code="c">192844</subfield>
    <subfield code="d">192844</subfield>
  </datafield>
  <controlfield tag="005">20221010114952.0</controlfield>
  <datafield tag="010" ind1=" " ind2=" ">
    <subfield code="a">RP  B-745776</subfield>
  </datafield>
  <datafield tag="020" ind1=" " ind2=" ">
    <subfield code="c">400.00</subfield>
  </datafield>
  <datafield tag="035" ind1=" " ind2=" ">
    <subfield code="a">B-745776</subfield>
  </datafield>
  <datafield tag="037" ind1=" " ind2=" ">
    <subfield code="b">Champion Publication</subfield>
  </datafield>
  <datafield tag="082" ind1=" " ind2=" ">
    <subfield code="a">510</subfield>
  </datafield>
  <datafield tag="100" ind1=" " ind2=" ">
    <subfield code="a">Pratap, Gagan</subfield>
  </datafield>
  <datafield tag="245" ind1=" " ind2=" ">
    <subfield code="a">SSC CGL Mains Mathematics/</subfield>
    <subfield code="b">Gagan Pratap</subfield>
  </datafield>
  <datafield tag="260" ind1=" " ind2=" ">
    <subfield code="a">Delhi</subfield>
    <subfield code="b">Champion Publication</subfield>
    <subfield code="c">2022</subfield>
  </datafield>
  <datafield tag="270" ind1=" " ind2=" ">
    <subfield code="a">2nd Floor, Jaina Ext. Dr. Mukherjee Nagar</subfield>
    <subfield code="b">Delhi</subfield>
    <subfield code="e">110009</subfield>
  </datafield>
  <datafield tag="300" ind1=" " ind2=" ">
    <subfield code="a">476p.</subfield>
    <subfield code="c">28cm(pbk)</subfield>
  </datafield>
  <datafield tag="942" ind1=" " ind2=" ">
    <subfield code="2">ddc</subfield>
    <subfield code="c">EN</subfield>
    <subfield code="m">PRA</subfield>
    <subfield code="h">510</subfield>
  </datafield>
  <datafield tag="952" ind1=" " ind2=" ">
    <subfield code="0">0</subfield>
    <subfield code="1">0</subfield>
    <subfield code="4">0</subfield>
    <subfield code="7">0</subfield>
    <subfield code="8">NFIC</subfield>
    <subfield code="a">L</subfield>
    <subfield code="b">L</subfield>
    <subfield code="d">2022-10-10</subfield>
    <subfield code="e">Divyam Prakashan/RP/BL18/5.9.22/95/1.9.22/23.9.22</subfield>
    <subfield code="g">400.00</subfield>
    <subfield code="l">29</subfield>
    <subfield code="m">20</subfield>
    <subfield code="o">510 PRA</subfield>
    <subfield code="p">B-745776</subfield>
    <subfield code="r">2026-05-13 11:29:00</subfield>
    <subfield code="s">2026-04-29</subfield>
    <subfield code="t">1</subfield>
    <subfield code="v">400.00</subfield>
    <subfield code="w">2022-10-10</subfield>
    <subfield code="y">EN</subfield>
  </datafield>
</record>
